[Event "AUT-chT 1999/2000"]
[Site "Melk"]
[Date "1999.10.26"]
[Round "5.4.6"]
[White "Spindelboeck, Gernot"]
[Black "Frosch, Ronald"]
[Result "1-0"]
[WhiteElo "2235"]
[BlackElo "2178"]
[PlyCount "89"]
[EventDate "1999.10.26"]

1. Nf3 Nf6 2. c4 b6 3. d4 e6 4. a3 Bb7 5. Nc3 d5 6. cxd5 Nxd5 7. e4 Nxc3 8.
bxc3 Be7 9. Bb5+ c6 10. Bd3 O-O 11. O-O Qc7 12. e5 c5 13. Ng5 h6 14. Nh7 Rd8
15. Qg4 Kh8 16. Qh5 cxd4 17. Nf6 Bf8 18. cxd4 Rxd4 19. Rd1 Nc6 20. Bb2 Rdd8 21.
Ne4 Nd4 22. Rac1 Bc5 23. Nd6 Rxd6 24. exd6 Qxd6 25. Qxf7 Qd5 26. Qg6 Kg8 27.
Bc4 Qe5 28. Bxd4 Bxd4 29. Qxe6+ Kh8 30. Qxe5 Bxe5 31. Bd5 Bxd5 32. Rxd5 Bb2 33.
Rc7 Bxa3 34. Rdd7 Rg8 35. Rxa7 Bc5 36. Rab7 Kh7 37. g3 Kh8 38. Kg2 Kh7 39. f4
Kh8 40. Kf3 Kh7 41. Rdc7 Bd4 42. Rd7 Bc5 43. g4 Kg6 44. h4 Kf6 45. Rf7+ 1-0

[Event "AUT-chT 1999/2000"]
[Site "Melk"]
[Date "1999.10.26"]
[Round "5.5.1"]
[White "Hickl, Joerg"]
[Black "Lukacs, Peter"]
[Result "1/2-1/2"]
[WhiteElo "2553"]
[BlackElo "2480"]
[PlyCount "33"]
[EventDate "1999.10.26"]

1. g3 d5 2. Bg2 Nf6 3. Nf3 c6 4. b3 Bg4 5. Bb2 e6 6. d3 Nbd7 7. O-O Bd6 8. Nbd2
O-O 9. c4 a5 10. a3 Re8 11. h3 Bh5 12. Qc2 e5 13. e4 dxe4 14. dxe4 Qb6 15. Bc3
Bc5 16. Qb2 Bxf3 17. Bxf3 1/2-1/2

[Event "AUT-chT 1999/2000"]
[Site "Melk"]
[Date "1999.10.26"]
[Round "5.5.2"]
[White "Marciano, David"]
[Black "Atlas, Valery"]
[Result "1/2-1/2"]
[WhiteElo "2533"]
[BlackElo "2465"]
[PlyCount "51"]
[EventDate "1999.10.26"]

1. e4 c5 2. Nf3 e6 3. c4 b6 4. Nc3 d6 5. d4 cxd4 6. Nxd4 Bb7 7. g3 g6 8. Bg2
Nd7 9. O-O Rc8 10. Qe2 Qc7 11. b3 Be7 12. Re1 Ngf6 13. Bb2 O-O 14. Rad1 Rfe8
15. f4 h6 16. h3 Nf8 17. Rd2 N6d7 18. Qf2 Qb8 19. Nde2 Ba8 20. Qd4 Nf6 21. Na4
d5 22. exd5 b5 23. d6 Red8 24. Nb6 Rxd6 25. Nxc8 Qxc8 26. Qc3 {
Rest nicht rekonstruierbar. remis (91!!)} 1/2-1/2

[Event "AUT-chT 1999/2000"]
[Site "Melk"]
[Date "1999.10.26"]
[Round "5.5.3"]
[White "Bezold, Michael"]
[Black "Volkmann, Friedrich Karl"]
[Result "1-0"]
[WhiteElo "2508"]
[BlackElo "2427"]
[PlyCount "43"]
[EventDate "1999.10.26"]

1. e4 c5 2. Nf3 Nc6 3. Bb5 e6 4. Bxc6 bxc6 5. d3 Ne7 6. h4 h5 7. Qe2 Ng6 8. e5
f6 9. Qe4 Kf7 10. Rh3 Qc7 11. Ng5+ fxg5 12. Rf3+ Kg8 13. Qxg6 Qxe5+ 14. Kf1
gxh4 15. Bg5 Ba6 16. Nc3 c4 17. d4 Qxd4 18. Qf7+ Kh7 19. Qxh5+ Kg8 20. Qf7+ Kh7
21. Rf6 Qxf6 22. Bxf6 1-0

[Event "AUT-chT 1999/2000"]
[Site "Melk"]
[Date "1999.10.26"]
[Round "5.5.4"]
[White "Schroll, Gerhard"]
[Black "Topakian, Raffi"]
[Result "1/2-1/2"]
[WhiteElo "2435"]
[BlackElo "2376"]
[PlyCount "147"]
[EventDate "1999.10.26"]

1. c4 Nf6 2. Nc3 d5 3. cxd5 Nxd5 4. e4 Nb4 5. d3 c5 6. Nf3 N8c6 7. a3 Na6 8.
Bf4 e6 9. Qa4 Be7 10. Rd1 O-O 11. d4 Nxd4 12. Nxd4 cxd4 13. Qxd4 Qa5 14. Qa4
Qxa4 15. Nxa4 Nb8 16. Bd6 Bxd6 17. Rxd6 Nc6 18. Bb5 Rd8 19. Rxd8+ Nxd8 20. e5
b6 21. O-O Bb7 22. Rd1 Bc6 23. Nc3 Bxb5 24. Nxb5 Nc6 25. f4 a6 26. Rd6 Rc8 27.
Nc3 b5 28. Ne4 Kf8 29. Rd7 Ne7 30. Nd6 Rc1+ 31. Kf2 g5 32. fxg5 Rc2+ 33. Kf3
Rxb2 34. h4 Ng6 35. Rxf7+ Kg8 36. Ra7 Nxh4+ 37. Ke4 Rxg2 38. Rxa6 Rg4+ 39. Kd3
Rxg5 40. Nxb5 Rxe5 41. a4 Nf5 42. Nc3 h5 43. Ra7 Re3+ 44. Kc4 h4 45. Rd7 Ng3
46. a5 h3 47. a6 h2 48. a7 h1=Q 49. Rd8+ Kf7 50. a8=Q Qxa8 51. Rxa8 Kf6 52. Rd8
Nf5 53. Rd3 Re1 54. Rh3 Ke5 55. Kd3 Kf4 56. Kd2 Ra1 57. Rh2 Kf3 58. Rh3+ Kf4
59. Rh2 Kf3 60. Rh3+ Kg4 61. Rh2 Nh4 62. Re2 Nf3+ 63. Ke3 Ra3 64. Rg2+ Kf5 65.
Rc2 Ng5 66. Kd4 e5+ 67. Kc4 Ne4 68. Nd5 Ra4+ 69. Kb3 Rd4 70. Ne7+ Ke6 71. Nc6
Rd3+ 72. Kc4 Rd1 73. Nxe5 Kxe5 74. Rh2 1/2-1/2

[Event "AUT-chT 1999/2000"]
[Site "Melk"]
[Date "1999.10.26"]
[Round "5.5.5"]
[White "Feistenauer, Fred"]
[Black "Posch, Werner"]
[Result "0-1"]
[WhiteElo "2278"]
[BlackElo "2267"]
[PlyCount "68"]
[EventDate "1999.10.26"]

1. e4 Nf6 2. Nc3 d5 3. e5 Ne4 4. Nce2 d4 5. c3 dxc3 6. bxc3 Nc5 7. d4 Nca6 8.
Nf4 e6 9. Nf3 c5 10. Bd3 cxd4 11. cxd4 Bb4+ 12. Kf1 Bd7 13. Nh5 Kf8 14. h4 Be7
15. Rh3 Nb4 16. Bb1 Qc7 17. Ng5 Bb5+ 18. Kg1 Be2 19. Qxe2 Qxc1+ 20. Kh2 Bxg5
21. hxg5 N8c6 22. a3 Nd5 23. Qe4 Rd8 24. Nxg7 Kxg7 25. Rxh7+ Rxh7+ 26. Qxh7+
Kf8 27. g6 Qf4+ 28. Kg1 Ke7 29. g7 Qg5 30. Be4 Nxd4 31. Rb1 b6 32. a4 Nc3 33.
Rb4 Nde2+ 34. Kh2 Qf4+ 0-1

[Event "AUT-chT 1999/2000"]
[Site "Melk"]
[Date "1999.10.26"]
[Round "5.5.6"]
[White "Wiedner, Robert"]
[Black "Tschohl, Christof"]
[Result "1-0"]
[WhiteElo "2180"]
[BlackElo "2145"]
[PlyCount "81"]
[EventDate "1999.10.26"]

1. c4 e5 2. g3 Nf6 3. Bg2 Nc6 4. Nc3 Bb4 5. e4 O-O 6. Nge2 Re8 7. a3 Bc5 8. b4
Bd4 9. d3 d6 10. Nxd4 Nxd4 11. O-O Bg4 12. f3 Bh5 13. Ra2 Nd7 14. h4 Bg6 15.
Bh3 h6 16. Bd2 f5 17. Be1 Nf8 18. Kh2 Nfe6 19. Ne2 Rf8 20. Nxd4 Nxd4 21. Bc3
Ne6 22. Qe1 Qe7 23. Re2 Qf7 24. f4 exf4 25. exf5 Bxf5 26. Bxf5 Qxf5 27. Rxe6
Qxd3 28. gxf4 Qxc4 29. Qg3 Rf7 30. Ree1 d5 31. Be5 Rd8 32. Rg1 Rdd7 33. Rc1
Qe2+ 34. Rg2 Qe4 35. Rd2 d4 36. Rc4 Qe3 37. Rdxd4 Rxd4 38. Rxd4 Qc1 39. Rd8+
Kh7 40. h5 Qc2+ 41. Kh3 1-0

[Event "AUT-chT 1999/2000"]
[Site "Melk"]
[Date "1999.10.26"]
[Round "5.6.1"]
[White "Almasi, Zoltan"]
[Black "Hoelzl, Franz"]
[Result "1-0"]
[WhiteElo "2664"]
[BlackElo "2428"]
[PlyCount "97"]
[EventDate "1999.10.26"]

1. e4 c5 2. Nf3 d6 3. d4 cxd4 4. Nxd4 Nf6 5. Nc3 a6 6. Be3 Ng4 7. Bc1 g6 8. f3
Ne5 9. Be3 Nbd7 10. Qd2 Nb6 11. b3 Bg7 12. Be2 O-O 13. a4 Nc6 14. h4 Nd7 15. h5
Qa5 16. hxg6 hxg6 17. Rd1 Nxd4 18. Bxd4 Nf6 19. Kf2 Qb4 20. Bxf6 Bxf6 21. Nd5
Qxd2 22. Nxf6+ Kg7 23. Nh5+ gxh5 24. Rxd2 Rh8 25. Rd5 h4 26. f4 Bd7 27. a5 Bc6
28. Rg5+ Kf6 29. Bd3 Rac8 30. Rg4 h3 31. Rxh3 Rxh3 32. gxh3 Bd7 33. Rh4 Rc5 34.
b4 Rc3 35. Ke3 Ra3 36. Kd4 Ra1 37. Rh7 Re1 38. h4 e5+ 39. fxe5+ dxe5+ 40. Kc5
Kg6 41. Rh8 Bc6 42. Rg8+ Kh6 43. Rf8 Kg7 44. Rb8 Kf6 45. Bxa6 bxa6 46. Kxc6
Rxe4 47. b5 axb5 48. a6 Ra4 49. Kb7 1-0

[Event "AUT-chT 1999/2000"]
[Site "Melk"]
[Date "1999.10.26"]
[Round "5.6.2"]
[White "Horvath, Csaba"]
[Black "Poldauf, Dirk"]
[Result "1/2-1/2"]
[WhiteElo "2512"]
[BlackElo "2460"]
[PlyCount "37"]
[EventDate "1999.10.26"]

1. d4 Nf6 2. c4 g6 3. Nc3 Bg7 4. e4 d6 5. Be2 O-O 6. Bg5 Na6 7. f4 c6 8. Nf3
Nc7 9. Bh4 d5 10. e5 Ne4 11. Nxe4 dxe4 12. Ng5 f6 13. Nxe4 Ne6 14. exf6 exf6
15. d5 cxd5 16. cxd5 Nxf4 17. O-O Nxe2+ 18. Qxe2 Qxd5 19. Nxf6+ 1/2-1/2

[Event "AUT-chT 1999/2000"]
[Site "Melk"]
[Date "1999.10.26"]
[Round "5.6.3"]
[White "Baumegger, Siegfried"]
[Black "Moser, Guenter"]
[Result "1/2-1/2"]
[WhiteElo "2421"]
[BlackElo "2315"]
[PlyCount "50"]
[EventDate "1999.10.26"]

1. c4 f5 2. b3 Nf6 3. Bb2 g6 4. g3 Bg7 5. Bg2 O-O 6. Nf3 d6 7. d4 Ne4 8. Nbd2
e6 9. O-O Nc6 10. Rb1 Qe7 11. Nxe4 fxe4 12. Ne1 d5 13. Nc2 Qd8 14. f3 exf3 15.
Bxf3 Ne7 16. Qd3 c6 17. e4 dxe4 18. Qxe4 e5 19. Bg4 Bxg4 20. Rxf8+ Qxf8 21.
Qxg4 Nf5 22. dxe5 Qc5+ 23. Bd4 Qa5 24. a4 Bxe5 25. Bf2 Bf6 1/2-1/2

[Event "AUT-chT 1999/2000"]
[Site "Melk"]
[Date "1999.10.26"]
[Round "5.6.5"]
[White "Postl, Anton"]
[Black "Titz, Heimo"]
[Result "1-0"]
[WhiteElo "2268"]
[BlackElo "2297"]
[PlyCount "177"]
[EventDate "1999.10.26"]

1. Nf3 c5 2. g3 Nc6 3. Bg2 g6 4. O-O Bg7 5. c3 e5 6. e4 Nge7 7. d3 O-O 8. Nbd2
h6 9. Nh4 d5 10. f4 dxe4 11. dxe4 exf4 12. gxf4 Bf6 13. Qe1 Bd7 14. e5 Bxh4 15.
Qxh4 Nf5 16. Qf2 b6 17. Ne4 Qc7 18. b4 cxb4 19. cxb4 Rac8 20. Nf6+ Kg7 21. Bb2
Be6 22. Rac1 b5 23. Qc5 Nfe7 24. Rfd1 Qb6 25. Qxb6 axb6 26. a3 Na7 27. Bd4 Rxc1
28. Rxc1 Rc8 29. Rxc8 Nexc8 30. Ne8+ Kf8 31. Nc7 Bc4 32. Na8 Ke7 33. Nxb6 Nxb6
34. Bxb6 Nc8 35. Bc5+ Kd7 36. Kf2 Ne7 37. Bxe7 Kxe7 38. Ke3 Ke6 39. Bh3+ Kd5
40. Bg2+ Ke6 41. Bb7 Kf5 42. Bc8+ Be6 43. Bxe6+ fxe6 44. h3 g5 45. fxg5 hxg5
46. Kd4 Kf4 47. Kc5 Kg3 48. Kd6 Kxh3 49. Kxe6 g4 50. Kd5 g3 51. e6 g2 52. e7
g1=Q 53. e8=Q Qd1+ 54. Kc5 Qc1+ 55. Kxb5 Qxa3 56. Qe6+ Kg3 57. Qd6+ Kg4 58.
Qd4+ Kf5 59. Kb6 Ke6 60. b5 Qa2 61. Qe4+ Kf6 62. Qc6+ Kg5 63. Qc5+ Kh4 64. Kc7
Qa5+ 65. Kb7 Qa2 66. Qe7+ Kh5 67. Qe5+ Kh4 68. Qf4+ Kh5 69. Qf3+ Kh4 70. b6 Qg8
71. Qf6+ Kh3 72. Qf1+ Kh2 73. Qf2+ Kh3 74. Qe3+ Kh2 75. Qd2+ Kg1 76. Qc1+ Kf2
77. Qb2+ Ke1 78. Ka7 Qd5 79. Qb4+ Kd1 80. b7 Qa2+ 81. Kb6 Qe6+ 82. Kb5 Qd5+ 83.
Ka6 Qe6+ 84. Qb6 Qa2+ 85. Qa5 Qc4+ 86. Ka7 Qd4+ 87. Ka8 Qe4 88. Qd8+ Ke1 89.
Qd7 1-0

[Event "AUT-chT 1999/2000"]
[Site "Melk"]
[Date "1999.10.26"]
[Round "5.6.6"]
[White "Schumi, Manfred"]
[Black "Kuba, Guenter"]
[Result "1/2-1/2"]
[WhiteElo "2246"]
[BlackElo "2252"]
[PlyCount "44"]
[EventDate "1999.10.26"]

1. e4 e5 2. Nf3 Nc6 3. Bb5 g6 4. d4 exd4 5. Bg5 f6 6. Bf4 Bg7 7. O-O Nge7 8.
Re1 O-O 9. Nxd4 Nxd4 10. Qxd4 d6 11. Nc3 Be6 12. Qd2 Rf7 13. Rad1 a6 14. Ba4
Qf8 15. f3 Nc6 16. Bxc6 bxc6 17. b3 Re8 18. Be3 f5 19. Bd4 Bh6 20. Be3 Bg7 21.
Bd4 Bh6 22. Be3 Bg7 1/2-1/2